000 00923nas a2200289 4500
001 BR2014005869
003 BR-BrBNA
005 20231205124514.0
007 ta
008 230509b bl.|||p| |||| 00| 00por d
040 _aBR-BrBNA
_bpor
_cBiblioteca Nacional de Agricultura
041 _a(Pt)
072 _aP33
100 1 _aCruz, A.C.R.
100 1 _aLibardi, P.L.
100 1 _aCarvalho, L.A. de
100 1 _aRocha, G.C.
245 1 _aBalanço de água no volume de solo explorado pelo sistema radicular de uma planta de citros
650 _aLATOSSOLO
650 _aFÍSICA DO SOLO
650 _aCONDUTIVIDADE HIDRÁULICA
650 _aÁGUA
773 0 _tRevista Brasileira de Ciência do Solo (Brazil)
_xISSN 0100-0683
_g(Jan-Feb 2005), v. 29(1) p. 1-10
_wBR2014005869
856 4 0 _uhttp://www.scielo.br/pdf/rbcs/v29n1/23516.pdf
909 _a202311
_bLúcia
_c55
_dLúcia Elande
942 _2AGRIS
_n0
_cANA
999 _c239432
_d239432